Law relating to dowry prohibition : (Record no. 150083)
[ view plain ]
| 000 -LEADER | |
|---|---|
| fixed length control field | 00812nam a22002297a 4500 |
| 005 - DATE AND TIME OF LATEST TRANSACTION | |
| control field | 20180222105901.0 |
| 010 ## - LCCN (DPL NO) | |
| LC control number | B-689595 |
| 020 ## - INTERNATIONAL STANDARD BOOK NUMBER | |
| Terms of availability | 1195.00 |
| International Standard Book Number | 9789380559391 |
| 035 ## - SYSTEM CONTROL NUMBER | |
| System control number | B-689595 |
| 037 ## - SOURCE OF ACQUISITION | |
| Source of stock number/acquisition | BSB |
| Stock number | dpl |
| 082 ## - DEWEY DECIMAL CLASSIFICATION NUMBER | |
| Classification number | 346.016 |
| 100 ## - MAIN ENTRY--PERSONAL NAME | |
| Personal name | Dewan, V.K. |
| 245 ## - TITLE STATEMENT | |
| Title | Law relating to dowry prohibition : |
| Remainder of title | an up-to-date, lucid and exhaustive commentary with case law on the dowry prohibition act, 1961 / |
| Statement of responsibility, etc | by V.K. Dewan |
| 250 ## - EDITION STATEMENT | |
| Edition statement | 2nd ed |
| 260 ## - PUBLICATION, DISTRIBUTION, ETC. (IMPRINT) | |
| Place of publication, distribution, etc | Hyderabad |
| Name of publisher, distributor, etc | Asia Law House |
| Date of publication, distribution, etc | 2010 |
| 270 ## - ADDRESS | |
| Address | Opp. High Court, |
| City | Hyderabad |
| 300 ## - PHYSICAL DESCRIPTION | |
| Extent | lxxx,1294p. |
| Dimensions | 25cm(Hb) |
| 500 ## - GENERAL NOTE | |
| General note | Includes index |
| 505 ## - FORMATTED CONTENTS NOTE | |
| Formatted contents note | Rashtrapati Bhawan |
| 942 ## - ADDED ENTRY ELEMENTS (KOHA) | |
| Source of classification or shelving scheme | Dewey Decimal Classification |
| Item type | English Books |
| Call number suffix | DEW |
| Classification part | 346.016 |
| Withdrawn status | Lost status | Not for loan | Collection code | Home library | Current library | Date acquired | Source of acquisition | Cost, normal purchase price | Full call number | Barcode | Copy number | Cost, replacement price | Koha item type |
|---|---|---|---|---|---|---|---|---|---|---|---|---|---|
| Non-fiction | Mobile Library | Mobile Library | 22/02/2018 | BSB/IN422/16.2.2018/EN/SPL/17-18/770/10.2.2018/16.2.2018 | 1195.00 | 346.016 DEW | B-689595 | 1 | 1195.00 | English Books |
